vokal.total 2025 (Beatbox) - Statistics

General Stats
  • This quiz has been taken 8 times
  • The average score is 6 of 24
Answer Stats
Hint Answer % Correct
D-low ๐Ÿ‡ฌ๐Ÿ‡ง
100%
3rd Place AVH ๐Ÿ‡ณ๐Ÿ‡ฑ
50%
Vice Champion BizKit ๐Ÿ‡บ๐Ÿ‡ธ
50%
Champion Dynamatt ๐Ÿ‡ฎ๐Ÿ‡น
50%
4th Place Epos ๐Ÿ‡ฌ๐Ÿ‡ง
50%
4th Place FRIIDON ๐Ÿ‡ฉ๐Ÿ‡ช
50%
Top 8 Gelber ๐Ÿ‡ฎ๐Ÿ‡ฑ
50%
3rd Place Julard ๐Ÿ‡ซ๐Ÿ‡ท
50%
Champion Martin Benati ๐Ÿ‡ซ๐Ÿ‡ท
50%
Vice Champion Nils ๐Ÿ‡ช๐Ÿ‡ธ
50%
5th Place Raje ๐Ÿ‡ฎ๐Ÿ‡ณ
50%
Judges Beasty ๐Ÿ‡ซ๐Ÿ‡ท
0%
Beatness ๐Ÿ‡ซ๐Ÿ‡ท
0%
Top 8 BigG ๐Ÿ‡ฆ๐Ÿ‡น
0%
Chris Celiz ๐Ÿ‡บ๐Ÿ‡ธ
0%
Dropped D-Koy ๐Ÿ‡บ๐Ÿ‡ธ
0%
Top 8 Dudz ๐Ÿ‡ง๐Ÿ‡ท
0%
Gene Shinozaki ๐Ÿ‡บ๐Ÿ‡ธ
0%
Top 8 GTS ๐Ÿ‡ฌ๐Ÿ‡ช
0%
Dropped Match ๐Ÿ‡บ๐Ÿ‡ธ
0%
neXor ๐Ÿ‡ฆ๐Ÿ‡น
0%
Judges Rythmind ๐Ÿ‡ซ๐Ÿ‡ท
0%
Dropped stan ๐Ÿ‡ง๐Ÿ‡ช
0%
Wawad ๐Ÿ‡ซ๐Ÿ‡ท
0%
No matching quizzes found
Score Distribution
Percent of People with Each Score
Percentile by Number Answered
Your Score History
You have not taken this quiz